| 000 | 00676pam a2200217 a 4500 | ||
|---|---|---|---|
| 001 | 1161625 | ||
| 005 | 20180223074343.0 | ||
| 008 | 960315s1997 nyu 001 0 eng | ||
| 010 | _a 96012975 | ||
| 020 | _a0070116199 (alk. paper) | ||
| 040 |
_aDLC _cDLC _dDLC |
||
| 041 | _aeng | ||
| 080 | _a808.042 | ||
| 082 | 0 | 0 |
_a808.042 CLO _220 |
| 100 | 1 | _a21 | |
| 101 | _aGJL | ||
| 245 | 1 | 0 |
_aWorking it out : _cBarbara Fine Clouse. |
| 906 |
_a7 _bcbc _corignew _d1 _eocip _f19 _gy-gencatlg |
||
| 942 |
_2ddc _cBK |
||
| 999 |
_c43272 _d43272 |
||